Dyscypliny sportowe na Letnich Igrzyskach Olimpijskich 2024 - Statystyki

Ogólne statystyki
  • Ten quiz został rozwiązany 292 razy
  • Średni wynik to 19 z 34
Statystyki odpowiedzi
Kalendarz Dyscyplina % Poprawnych
24.07-10.08 Piłka nożna
94%
27.07-11.08 Siatkówka
93%
01.08-11.08 Lekkoatletyka
88%
27.07-11.08 Koszykówka
87%
25.07-11.08 Piłka ręczna
81%
27.07-10.08 Kajakarstwo
80%
27.07-10.08 Pływanie
76%
27.07-10.08 Tenis stołowy
74%
27.07-11.08 Kolarstwo
72%
27.07-10.08 Boks
70%
27.07-04.08 Tenis ziemny
70%
27.07-03.08 Judo
66%
27.07-03.08 Wioślarstwo
63%
27.07-04.08 Szermierka
61%
05.08-11.08 Zapasy
61%
05.08-10.08 Wspinaczka sportowa
59%
27.07-05.08 Strzelectwo
57%
27.07-04.08 Łucznictwo
54%
27.07-10.08 Gimnastyka
52%
27.07-11.08 Piłka wodna
48%
28.07-08.08 Żeglarstwo
46%
24.07-30.07 Rugby 7
43%
27.07-06.08 Jeździectwo
42%
27.07-10.08 Skoki do wody
39%
01.08-10.08 Golf
37%
27.07-05.08 Badminton
35%
27.07-09.08 Hokej na trawie
35%
07.08-11.08 Podnoszenie ciężarów
35%
08.08-11.08 Pięciobój nowoczesny
26%
27.07-30.07 Surfing
26%
07.08-10.08 Taekwondo
26%
27.07-07.08 Skateboarding
25%
30.07-05.08 Triathlon
25%
09.08-10.08 Breakdancing
6%
Nie znaleziono quizów pasujących do podanych kryteriów
Rozkład punktacji
Procent ludzi z każdym wynikiem
Percentyl według liczby udzielonych odpowiedzi
Twoja historia wyników
Nie rozwiązałeś tego quizu